[Event "Landesklasse West 2016/2017"]
[Site "?"]
[Date "2017.01.08"]
[Round "4"]
[White "Kuntze, Andreas"]
[Black "Buring, Matthias"]
[Result "1/2-1/2"]
[WhiteElo "1988"]
[BlackElo "2097"]
[PlyCount "57"]
[EventDate "2017.??.??"]
[WhiteTeam "Schachclub Rochade Leinefelde"]
[BlackTeam "SG Arnstadt-Stadtilm"]

1. e4 e5 2. Bc4 Nc6 3. Nf3 h6 4. c3 Qf6 5. d4 d6 6. d5 Nb8 7. Nbd2 Be7 8. Nf1
Qg6 9. Ng3 h5 10. h4 f6 11. Be2 Qh7 12. Qd3 g6 13. Qc4 Bd8 14. Bd2 Nh6 15.
O-O-O O-O 16. Rdf1 Nd7 17. Ne1 Nb6 18. Qd3 Nf7 19. Rfg1 c6 20. c4 cxd5 21. cxd5
Bd7 22. Kb1 Rc8 23. b3 a6 24. Kb2 Bb5 25. Qf3 Nh6 26. Bxb5 axb5 27. Qe2 Nd7 28.
Nd3 Bb6 29. Rc1 1/2-1/2

[Event "Landesklasse West 2016/2017"]
[Site "?"]
[Date "2017.01.08"]
[Round "4"]
[White "Sauer, Marko"]
[Black "Kachel, Alfred"]
[Result "1-0"]
[WhiteElo "2042"]
[BlackElo "1987"]
[PlyCount "111"]
[EventDate "2017.??.??"]
[WhiteTeam "SG Arnstadt-Stadtilm"]
[BlackTeam "Schachclub Rochade Leinefelde"]

1. e4 c6 2. d4 g6 3. Nf3 d5 4. exd5 cxd5 5. Bd3 Nc6 6. c3 Nh6 7. Qb3 a6 8. Bf4
Na5 9. Qd1 Bg7 10. h3 f6 11. Nbd2 O-O 12. O-O Nf7 13. Re1 Nc6 14. Bf1 e5 15.
dxe5 fxe5 16. Be3 e4 17. Nd4 Nxd4 18. cxd4 Be6 19. Qb3 Qd7 20. Rac1 Rfc8 21.
Rc3 Rxc3 22. bxc3 Rc8 23. c4 dxc4 24. Bxc4 Bxc4 25. Nxc4 Qb5 26. Qxb5 axb5 27.
Nd2 Rd8 28. Rb1 Bxd4 29. Nxe4 Bxe3 30. fxe3 Rd3 31. Kf2 Ra3 32. Rxb5 Rxa2+ 33.
Kf3 Ra7 34. Nc5 Nd6 35. Rb6 Nc4 36. Rxb7 Rxb7 37. Nxb7 Kf7 38. Kf4 Kf6 39. h4
h6 40. Nc5 g5+ 41. hxg5+ hxg5+ 42. Ke4 Nd6+ 43. Kf3 Nc4 44. g3 Ne5+ 45. Ke4 Nc4
46. Kd4 Nb6 47. e4 Kg6 48. g4 Kf7 49. e5 Na8 50. Ne4 Kg6 51. e6 Nb6 52. Kc5
Na4+ 53. Kd6 Nb6 54. Kc6 Nc4 55. e7 Nb6 56. e8=Q+ 1-0

[Event "Landesklasse West 2016/2017"]
[Site "?"]
[Date "2017.01.08"]
[Round "4"]
[White "Frank, Thomas"]
[Black "Zeising, Benjamin"]
[Result "1/2-1/2"]
[WhiteElo "1846"]
[BlackElo "1814"]
[PlyCount "81"]
[EventDate "2017.??.??"]
[WhiteTeam "Schachclub Rochade Leinefelde"]
[BlackTeam "SG Arnstadt-Stadtilm"]

1. d4 e6 2. c4 d5 3. Nc3 dxc4 4. e4 a6 5. a4 Nc6 6. Nf3 Na5 7. Be3 Nf6 8. Ne5
Bb4 9. f3 Nb3 10. Ra2 c5 11. dxc5 Qxd1+ 12. Kxd1 Nxc5 13. Bxc4 Nfd7 14. Nd3
Nxd3 15. Bxd3 Nc5 16. Bxc5 Bxc5 17. Ke2 Bd7 18. Rc1 Bd6 19. g3 Rc8 20. b3 h5
21. f4 h4 22. Kf3 f6 23. Ne2 Rxc1 24. Nxc1 g5 25. Ne2 hxg3 26. hxg3 gxf4 27.
Nxf4 Bxf4 28. Kxf4 e5+ 29. Kf3 Bc6 30. b4 Bd7 31. Bc4 Ke7 32. Ke3 Be6 33. Bxe6
Kxe6 34. Rc2 Rh7 35. Rc8 Rg7 36. Kf3 Rd7 37. Re8+ Kf7 38. Rb8 Ke6 39. Re8+ Kd6
40. Rf8 Ke7 41. Rb8 1/2-1/2

[Event "Landesklasse West 2016/2017"]
[Site "?"]
[Date "2017.01.08"]
[Round "4"]
[White "Riedel, Erich"]
[Black "Pfitzenreuter, Gerald"]
[Result "0-1"]
[WhiteElo "1709"]
[BlackElo "1828"]
[PlyCount "64"]
[EventDate "2017.??.??"]
[WhiteTeam "SG Arnstadt-Stadtilm"]
[BlackTeam "Schachclub Rochade Leinefelde"]

1. g3 d5 2. Bg2 c5 3. d3 Nc6 4. Nd2 Nf6 5. e4 e5 6. Ne2 d4 7. a4 Be7 8. Nc4 b6
9. f4 Nd7 10. O-O O-O 11. f5 a6 12. Nd2 Bg5 13. Nf3 Bxc1 14. Qxc1 Nf6 15. h3 h6
16. g4 Nh7 17. h4 f6 18. Bh3 Bd7 19. Kf2 Qe7 20. Rg1 Nb4 21. Ke1 b5 22. a5 c4
23. Qd2 cxd3 24. cxd3 Rac8 25. Rc1 Rxc1+ 26. Nxc1 Rc8 27. Rg2 Rxc1+ 28. Qxc1
Nxd3+ 29. Kd1 Nxc1 30. Kxc1 Qb4 31. Rc2 Qxa5 32. Ne1 Qxe1# 0-1

[Event "Landesklasse West 2016/2017"]
[Site "?"]
[Date "2017.01.08"]
[Round "4"]
[White "Seeboth, Paul"]
[Black "Scheller, Thomas"]
[Result "1-0"]
[WhiteElo "1846"]
[BlackElo "1664"]
[PlyCount "41"]
[EventDate "2017.??.??"]
[WhiteTeam "Schachclub Rochade Leinefelde"]
[BlackTeam "SG Arnstadt-Stadtilm"]

1. d4 d5 2. c4 e6 3. Nc3 Nf6 4. Bg5 Be7 5. e3 O-O 6. Nf3 b6 7. Bd3 Bb7 8. O-O
Nbd7 9. Rc1 Rc8 10. cxd5 Nxd5 11. Bxe7 Nxe7 12. Qe2 Nb8 13. Bxh7+ Kh8 14. Bd3
Ng8 15. Ne5 Qg5 16. f4 Qh6 17. Nb5 a5 18. Na7 Rce8 19. Rxc7 Re7 20. Rfc1 Rfe8
21. Nxf7+ 1-0

[Event "Landesklasse West 2016/2017"]
[Site "?"]
[Date "2017.01.08"]
[Round "4"]
[White "Jank, Kevin"]
[Black "Meysing, Gerhard"]
[Result "1/2-1/2"]
[WhiteElo "1706"]
[BlackElo "1508"]
[PlyCount "85"]
[EventDate "2017.??.??"]
[WhiteTeam "SG Arnstadt-Stadtilm"]
[BlackTeam "Schachclub Rochade Leinefelde"]

1. e4 e5 2. Nf3 Nc6 3. d4 exd4 4. Bc4 Bb4+ 5. c3 dxc3 6. bxc3 Qf6 7. Qb3 Bc5 8.
O-O Na5 9. Qa4 Nxc4 10. Qxc4 d6 11. Re1 Qe6 12. Qd3 Ne7 13. Bb2 O-O 14. Nbd2
Bd7 15. Nd4 Bxd4 16. cxd4 Qg6 17. Re3 d5 18. Rg3 Qe6 19. f3 Ng6 20. a3 a6 21.
Qe3 Bc6 22. Rf1 Rad8 23. e5 f5 24. f4 Bb5 25. Rc1 Bc6 26. Nf3 h6 27. Ne1 Qf7
28. Nd3 Bb5 29. Nc5 b6 30. Nb3 Rd6 31. Qf2 Rc6 32. Rgc3 Rxc3 33. Rxc3 Rc8 34.
Bc1 Bd7 35. Nd2 Be6 36. Nf1 Nf8 37. Qe2 b5 38. Qc2 Qd7 39. Rc6 a5 40. Bd2 a4
41. Ne3 Ng6 42. g3 Ne7 43. Ra6 1/2-1/2

[Event "Landesklasse West 2016/2017"]
[Site "?"]
[Date "2017.01.08"]
[Round "4"]
[White "Bachmann, Gerhard"]
[Black "Schumacher, Andreas"]
[Result "1/2-1/2"]
[WhiteElo "1892"]
[BlackElo "1706"]
[PlyCount "39"]
[EventDate "2017.??.??"]
[WhiteTeam "Schachclub Rochade Leinefelde"]
[BlackTeam "SG Arnstadt-Stadtilm"]

1. d4 Nf6 2. Nf3 g6 3. g3 Bg7 4. Bg2 O-O 5. O-O d6 6. c4 Re8 7. Nc3 Nfd7 8. e4
e5 9. d5 a5 10. Be3 Na6 11. Ne1 Nac5 12. Nd3 b6 13. Nxc5 Nxc5 14. Qd2 f5 15.
Bg5 Qd7 16. Rfe1 Qf7 17. Rad1 Bd7 18. Bh6 Rf8 19. Bxg7 Kxg7 20. f4 1/2-1/2

[Event "Landesklasse West 2016/2017"]
[Site "?"]
[Date "2017.01.08"]
[Round "4"]
[White "Rudolf, Robby"]
[Black "Stöber, Guido"]
[Result "0-1"]
[WhiteElo "1498"]
[BlackElo "1353"]
[PlyCount "22"]
[EventDate "2017.??.??"]
[WhiteTeam "SG Arnstadt-Stadtilm"]
[BlackTeam "Schachclub Rochade Leinefelde"]

1. e4 e5 2. Nf3 Nc6 3. Bc4 Bc5 4. Nc3 Nf6 5. d3 h6 6. O-O O-O 7. Nd5 Re8 8. Bd2
a6 9. Qc1 Nxd5 10. exd5 Nd4 11. Bxh6 Ne2+ 0-1

[Event "Landesklasse West 2016/2017"]
[Site "?"]
[Date "2017.01.08"]
[Round "4"]
[White "Kirsch, Uwe"]
[Black "Stöber, Alexander"]
[Result "1-0"]
[WhiteElo "1927"]
[BlackElo "1743"]
[PlyCount "87"]
[EventDate "2017.??.??"]
[WhiteTeam "TSG Ruhla"]
[BlackTeam "SK Dingelstädt 1921"]

1. d4 Nf6 2. c4 d6 3. Nf3 Nbd7 4. Nc3 e5 5. g3 Be7 6. Bg2 c6 7. e4 O-O 8. O-O
Re8 9. Qc2 Qc7 10. Re1 Nf8 11. h3 h6 12. Be3 N6h7 13. Rad1 Ne6 14. Kh2 Nhg5 15.
Nxg5 Nxg5 16. c5 dxc5 17. dxe5 Ne6 18. f4 b5 19. Qf2 c4 20. Nd5 Qa5 21. Nxe7+
Rxe7 22. a3 Rd7 23. Rd6 Qc7 24. Red1 a5 25. f5 Nf8 26. Bc5 Ba6 27. Bb6 Qb7 28.
Bxa5 Re8 29. Qc5 Rc8 30. R1d2 Re7 31. Rd8 Re8 32. Rxe8 Rxe8 33. Qd6 Qc8 34. Bb4
Bb7 35. Bc5 Ba8 36. h4 Qa6 37. Bh3 Qa4 38. e6 fxe6 39. fxe6 c3 40. Rf2 Nh7 41.
e7 Nf6 42. Qe6+ Kh8 43. Rxf6 gxf6 44. Qxf6+ 1-0

[Event "Landesklasse West 2016/2017"]
[Site "?"]
[Date "2017.01.08"]
[Round "4"]
[White "Lorenz, Sebastian"]
[Black "Von Otte, Wilhelm"]
[Result "1/2-1/2"]
[WhiteElo "1715"]
[BlackElo "1977"]
[PlyCount "87"]
[EventDate "2017.??.??"]
[WhiteTeam "SK Dingelstädt 1921"]
[BlackTeam "TSG Ruhla"]

1. e4 e6 2. d4 d5 3. Nd2 c5 4. c3 Nc6 5. Bb5 a6 6. Bxc6+ bxc6 7. e5 a5 8. Qg4
Nh6 9. Qh3 cxd4 10. cxd4 Nf5 11. Qc3 Bb4 12. Qxc6+ Bd7 13. Qc2 Nxd4 14. Qd3 Qg5
15. g3 Qxe5+ 16. Kd1 Bb5 17. Qe3 Qxe3 18. fxe3 Nf5 19. Ndf3 Rc8 20. Nd4 Rxc1+
21. Kxc1 Nxd4 22. exd4 Kd7 23. Kd1 Bf1 24. Ne2 Bh3 25. a3 Be7 26. Nf4 Bg4+ 27.
Kd2 Rb8 28. Nd3 Bf5 29. Rab1 Rb3 30. Ne5+ Ke8 31. Ra1 Rxb2+ 32. Kc3 Rb7 33. h4
a4 34. Rhc1 f6 35. Nc6 Rb3+ 36. Kd2 Bxa3 37. Rc3 Rb2+ 38. Ke1 Bd6 39. Rxa4 Kf7
40. h5 e5 41. Ra7+ Ke8 42. Ra8+ Kd7 43. Ra7+ Ke8 44. Ra8+ 1/2-1/2

[Event "Landesklasse West 2016/2017"]
[Site "?"]
[Date "2017.01.08"]
[Round "4"]
[White "Thrän, Uwe"]
[Black "Meister, Matthias"]
[Result "1/2-1/2"]
[WhiteElo "1744"]
[BlackElo "1719"]
[PlyCount "97"]
[EventDate "2017.??.??"]
[WhiteTeam "TSG Ruhla"]
[BlackTeam "SK Dingelstädt 1921"]

1. d4 d5 2. c4 Bf5 3. Nc3 e6 4. cxd5 exd5 5. Qb3 b6 6. Qxd5 Qxd5 7. Nxd5 Bd6 8.
e3 Be6 9. Nc3 c6 10. Nf3 h6 11. Be2 Ne7 12. O-O O-O 13. Rd1 Nd7 14. e4 Rad8 15.
b3 Bg4 16. h3 Bh5 17. Bb2 f6 18. d5 cxd5 19. Nxd5 Nxd5 20. Rxd5 Bxf3 21. Bxf3
Be5 22. Bxe5 Nxe5 23. Rad1 Nxf3+ 24. gxf3 Rxd5 25. exd5 Rd8 26. Kg2 Kf7 27. Kg3
Rd6 28. Kf4 Rd7 29. h4 Ke7 30. Ke4 Kd6 31. Kd4 Re7 32. Rd2 Re5 33. Kc4 a6 34.
a4 Rf5 35. Rd4 Rxf3 36. Re4 b5+ 37. Kd4 bxa4 38. bxa4 a5 39. Re6+ Kd7 40. Ra6
Rf4+ 41. Kc5 Rxa4 42. Ra7+ Ke8 43. Ra8+ Kd7 44. Ra7+ Kc8 45. Rxg7 Rxh4 46. d6
Rh1 47. Ra7 Rg1 48. Kd5 Re1 49. f4 1/2-1/2

[Event "Landesklasse West 2016/2017"]
[Site "?"]
[Date "2017.01.08"]
[Round "4"]
[White "Strecker, Frank"]
[Black "Brückmann, Volker"]
[Result "1/2-1/2"]
[WhiteElo "1674"]
[BlackElo "1783"]
[PlyCount "102"]
[EventDate "2017.??.??"]
[WhiteTeam "SK Dingelstädt 1921"]
[BlackTeam "TSG Ruhla"]

1. Nf3 c5 2. c4 Nc6 3. g3 g6 4. Bg2 Bg7 5. O-O Nf6 6. Nc3 d6 7. d3 Rb8 8. Rb1
a6 9. a3 Bd7 10. Bd2 Qc8 11. Qc1 Bg4 12. Bh6 O-O 13. Bxg7 Kxg7 14. e3 h5 15.
Nd5 Rh8 16. Nf4 Bxf3 17. Bxf3 h4 18. Qd1 e5 19. Nd5 hxg3 20. fxg3 Qh3 21. Rf2
Nxd5 22. cxd5 Ne7 23. Bg4 Qh6 24. e4 Qe3 25. Qf3 Qxf3 26. Rxf3 b5 27. Rbf1 Rhf8
28. Rf6 Rbd8 29. h4 Ng8 30. R6f2 Nh6 31. Bh3 a5 32. g4 Rb8 33. g5 Ng8 34. Rc1
f6 35. Be6 fxg5 36. hxg5 Rxf2 37. Kxf2 Ne7 38. Rf1 Rf8+ 39. Kg2 Rxf1 40. Kxf1
Kf8 41. Bd7 b4 42. a4 Ng8 43. Ke2 Ke7 44. Be6 Nf6 45. gxf6+ Kxf6 46. Kd2 Kg5
47. Kc2 Kf4 48. Kb3 Ke3 49. Kc4 Kd2 50. b3 Kc2 51. Bg4 g5 1/2-1/2

[Event "Landesklasse West 2016/2017"]
[Site "?"]
[Date "2017.01.08"]
[Round "4"]
[White "Fink, Klaus"]
[Black "Kirchberg, Hans-Georg"]
[Result "0-1"]
[WhiteElo "1843"]
[BlackElo "1720"]
[PlyCount "82"]
[EventDate "2017.??.??"]
[WhiteTeam "TSG Ruhla"]
[BlackTeam "SK Dingelstädt 1921"]

1. e4 d5 2. exd5 Qxd5 3. Nc3 Qd6 4. d4 Nf6 5. Nf3 a6 6. Be2 Nc6 7. O-O Bg4 8.
Be3 e6 9. Qd2 Bxf3 10. Bxf3 Be7 11. Rad1 O-O 12. Qc1 Nd5 13. Ne4 Qd7 14. Nc5
Bxc5 15. dxc5 Qc8 16. Bxd5 exd5 17. Rxd5 Ne7 18. Rd3 Ng6 19. Qd1 a5 20. f4 Qf5
21. Qf3 c6 22. Rfd1 h5 23. R1d2 Rfe8 24. g3 Ne7 25. c4 Qe6 26. b3 a4 27. Qxh5
axb3 28. axb3 Nf5 29. Bf2 Qe4 30. Qf3 Ra1+ 31. Kg2 Qe7 32. Rd7 Qf6 33. Rxb7 Qg6
34. g4 Re3 35. Rd8+ Kh7 36. Rbb8 Nh4+ 37. Bxh4 Qc2+ 38. Bf2 Rxf3 39. Rh8+ Kg6
40. f5+ Kg5 41. Kxf3 Rf1 0-1

[Event "Landesklasse West 2016/2017"]
[Site "?"]
[Date "2017.01.08"]
[Round "4"]
[White "Meyer, Peter"]
[Black "Voß, Ewald"]
[Result "0-1"]
[WhiteElo "1545"]
[BlackElo "1649"]
[PlyCount "46"]
[EventDate "2017.??.??"]
[WhiteTeam "SK Dingelstädt 1921"]
[BlackTeam "TSG Ruhla"]

1. e4 e5 2. Bc4 Nf6 3. d4 Nc6 4. d5 Na5 5. Bd3 b6 6. Nf3 d6 7. b4 Nb7 8. Bg5
Be7 9. Qd2 O-O 10. h3 Nh5 11. g4 Bxg5 12. Nxg5 Nf4 13. Nf3 a5 14. Bf1 axb4 15.
Qxb4 Nc5 16. Nbd2 Ra4 17. Qb1 Ba6 18. Bxa6 Rxa6 19. h4 Qd7 20. Rg1 Rfa8 21. Kf1
Ra3 22. Ne1 Qa4 23. f3 Qd4 0-1

[Event "Landesklasse West 2016/2017"]
[Site "?"]
[Date "2017.01.08"]
[Round "4"]
[White "Hagen, Matthias"]
[Black "Nolte, Rainer"]
[Result "1-0"]
[WhiteElo "1663"]
[BlackElo "1571"]
[PlyCount "27"]
[EventDate "2017.??.??"]
[WhiteTeam "TSG Ruhla"]
[BlackTeam "SK Dingelstädt 1921"]

1. e4 e6 2. d4 d5 3. Nc3 dxe4 4. Nxe4 Nd7 5. Nf3 Ngf6 6. Bd3 Nxe4 7. Bxe4 Nf6
8. Bd3 c5 9. dxc5 Bxc5 10. O-O b6 11. Bg5 Be7 12. Qe2 O-O 13. Bxf6 Bxf6 14. Qe4
1-0

[Event "Landesklasse West 2016/2017"]
[Site "?"]
[Date "2017.01.08"]
[Round "4"]
[White "Trapp, Werner"]
[Black "Kabisch, Roland"]
[Result "1/2-1/2"]
[WhiteElo "1388"]
[BlackElo "1546"]
[PlyCount "67"]
[EventDate "2017.??.??"]
[WhiteTeam "SK Dingelstädt 1921"]
[BlackTeam "TSG Ruhla"]

1. d4 d5 2. e3 Nf6 3. c4 e6 4. Nc3 Bb4 5. a3 Bxc3+ 6. bxc3 O-O 7. cxd5 exd5 8.
c4 Be6 9. Qb3 b6 10. Nf3 Nc6 11. Bd2 Ne4 12. Qc2 Nxd2 13. Nxd2 Ne7 14. Bd3 g6
15. O-O Rc8 16. c5 c6 17. Rfc1 b5 18. Nf3 Nf5 19. a4 a6 20. Qd2 Nh4 21. Nxh4
Qxh4 22. Qa5 Ra8 23. Ra2 Qd8 24. Qd2 Qc7 25. Rca1 Rab8 26. axb5 axb5 27. Qb4
Rb7 28. Ra5 Rfb8 29. R1a2 Kg7 30. Qe1 Kg8 31. Qa1 Kg7 32. Ra8 Rxa8 33. Rxa8 Rb8
34. Ra7 1/2-1/2

[Event "Landesklasse West 2016/2017"]
[Site "?"]
[Date "2017.01.08"]
[Round "4"]
[White "Lehmann, Peter"]
[Black "Petiko, Nikolai"]
[Result "1/2-1/2"]
[WhiteElo "1866"]
[BlackElo "2001"]
[PlyCount "35"]
[EventDate "2017.??.??"]
[WhiteTeam "ESV Lok Meiningen"]
[BlackTeam "SV Breitenworbis"]

1. d4 d5 2. Nf3 Bg4 3. c4 Bxf3 4. gxf3 dxc4 5. e3 Nc6 6. Bxc4 e6 7. Nc3 Nge7 8.
O-O Qd7 9. f4 O-O-O 10. Qa4 Nd5 11. Bb5 a6 12. Bxc6 Qxc6 13. Qxc6 bxc6 14. Ne4
h6 15. Bd2 f5 16. Ng3 c5 17. dxc5 Bxc5 18. Rac1 1/2-1/2

[Event "Landesklasse West 2016/2017"]
[Site "?"]
[Date "2017.01.08"]
[Round "4"]
[White "Gast, Rainer"]
[Black "Grube, Jan"]
[Result "1/2-1/2"]
[WhiteElo "1878"]
[BlackElo "1766"]
[PlyCount "31"]
[EventDate "2017.??.??"]
[WhiteTeam "SV Breitenworbis"]
[BlackTeam "ESV Lok Meiningen"]

1. d4 d5 2. c4 e6 3. Nc3 Nf6 4. Bg5 Bb4 5. e3 O-O 6. Nf3 c6 7. Rc1 Nbd7 8. cxd5
exd5 9. Bd3 Re8 10. O-O h6 11. Bh4 Be7 12. Qc2 Nh5 13. Bxe7 Rxe7 14. b4 a6 15.
a4 Nf8 16. a5 1/2-1/2

[Event "Landesklasse West 2016/2017"]
[Site "?"]
[Date "2017.01.08"]
[Round "4"]
[White "Holland-Cunz, Dietrich"]
[Black "Bötticher, Heinz-Wilfried"]
[Result "1/2-1/2"]
[WhiteElo "1804"]
[BlackElo "1790"]
[PlyCount "46"]
[EventDate "2017.??.??"]
[WhiteTeam "ESV Lok Meiningen"]
[BlackTeam "SV Breitenworbis"]

1. d4 d5 2. c4 e6 3. Nf3 c5 4. g3 Nc6 5. cxd5 exd5 6. Bg2 Nf6 7. O-O Be7 8.
dxc5 Bxc5 9. Bg5 Be7 10. Nc3 Be6 11. Nd4 O-O 12. Nxe6 fxe6 13. Bh3 Kf7 14. Qa4
h6 15. Bxf6 Bxf6 16. Qg4 Qe7 17. e4 d4 18. Nb5 Rae8 19. f4 a6 20. e5 axb5 21.
exf6 gxf6 22. Qh5+ Kg7 23. Qxb5 e5 1/2-1/2

[Event "Landesklasse West 2016/2017"]
[Site "?"]
[Date "2017.01.08"]
[Round "4"]
[White "Hellrung, Bernhard"]
[Black "Latka, Vera"]
[Result "1-0"]
[WhiteElo "1832"]
[BlackElo "1698"]
[PlyCount "75"]
[EventDate "2017.??.??"]
[WhiteTeam "SV Breitenworbis"]
[BlackTeam "ESV Lok Meiningen"]

1. e4 c5 2. c3 e6 3. d4 d5 4. e5 Nc6 5. Be3 c4 6. Nf3 b5 7. a3 Bd7 8. Be2 Nge7
9. O-O Ng6 10. Ng5 h6 11. Nh3 Be7 12. Qc2 O-O 13. g3 a5 14. Bh5 Nh8 15. Nf4 b4
16. axb4 axb4 17. Rxa8 Qxa8 18. h4 Qa2 19. Qc1 Rb8 20. Bg4 bxc3 21. bxc3 Na5
22. Nxd5 exd5 23. Bxd7 Qe2 24. Bh3 Ng6 25. Qd1 Qxd1 26. Rxd1 Nf8 27. Bg2 Rb5
28. f4 Ne6 29. f5 Nd8 30. Nd2 Kf8 31. Rb1 Nb3 32. Bxd5 Rxd5 33. Nxc4 Nxd4 34.
cxd4 Nc6 35. f6 Bd8 36. fxg7+ Kxg7 37. Nd6 Nxd4 38. Bxd4 1-0

[Event "Landesklasse West 2016/2017"]
[Site "?"]
[Date "2017.01.08"]
[Round "4"]
[White "Semisch, Helga"]
[Black "Petiko, Jakob"]
[Result "0-1"]
[WhiteElo "1193"]
[BlackElo "1926"]
[PlyCount "55"]
[EventDate "2017.??.??"]
[WhiteTeam "ESV Lok Meiningen"]
[BlackTeam "SV Breitenworbis"]

1. d4 Nf6 2. e3 d6 3. Bd3 Nbd7 4. Nc3 e5 5. b3 d5 6. dxe5 Nxe5 7. Be2 Bb4 8.
Bb2 Ne4 9. Qd4 Qe7 10. Nf3 f6 11. O-O c5 12. Bb5+ Bd7 13. Bxd7+ Qxd7 14. Qxd5
Nxf3+ 15. gxf3 Nxc3 16. Qxd7+ Kxd7 17. Bxc3 Bxc3 18. Rad1+ Ke7 19. a3 Rhd8 20.
Rb1 Rd2 21. Rfc1 Rad8 22. b4 cxb4 23. axb4 R8d5 24. f4 f5 25. Rb3 Bf6 26. c4
Rd1+ 27. Kg2 Rxc1 28. cxd5 0-1

[Event "Landesklasse West 2016/2017"]
[Site "?"]
[Date "2017.01.08"]
[Round "4"]
[White "Vergin, Marcel"]
[Black "Grundei, Hans-Jürgen"]
[Result "1-0"]
[WhiteElo "1812"]
[BlackElo "1370"]
[PlyCount "59"]
[EventDate "2017.??.??"]
[WhiteTeam "SV Breitenworbis"]
[BlackTeam "ESV Lok Meiningen"]

1. d4 e6 2. Nf3 d5 3. Bf4 Nf6 4. Nbd2 Nbd7 5. e3 Nb6 6. Bd3 Be7 7. Ne5 c6 8.
Qf3 Nbd7 9. O-O O-O 10. Qh3 Kh8 11. g4 Nxe5 12. Bxe5 Ne4 13. Nxe4 dxe4 14. Bxe4
f5 15. Bd3 Bd6 16. Qg3 Bxe5 17. Qxe5 Qg5 18. Be2 Rf6 19. f4 Qg6 20. Qd6 h6 21.
Rf2 fxg4 22. Qd8+ Kh7 23. Bd3 Rf5 24. Re1 g3 25. Rg2 gxh2+ 26. Kxh2 Qf7 27.
Bxf5+ Qxf5 28. Qe7 Qf6 29. Qxf6 gxf6 30. Reg1 1-0

[Event "Landesklasse West 2016/2017"]
[Site "?"]
[Date "2017.01.08"]
[Round "4"]
[White "Bleck, Philipp"]
[Black "Leibeling, Lucian"]
[Result "1/2-1/2"]
[WhiteElo "1701"]
[BlackElo "1806"]
[PlyCount "49"]
[EventDate "2017.??.??"]
[WhiteTeam "ESV Lok Meiningen"]
[BlackTeam "SV Breitenworbis"]

1. d4 d5 2. Bf4 e6 3. Nf3 Nf6 4. Nbd2 Bd6 5. Bg3 O-O 6. e3 b6 7. c4 Nbd7 8.
Bxd6 cxd6 9. Bd3 Bb7 10. O-O Rc8 11. Rc1 Ne4 12. cxd5 Nxd2 13. Qxd2 Bxd5 14. e4
Bb7 15. Qf4 e5 16. dxe5 dxe5 17. Qg3 Rxc1 18. Rxc1 Nc5 19. Bb1 Bxe4 20. Bxe4
Nxe4 21. Qxe5 Nc5 22. Qc3 Re8 23. Re1 Rxe1+ 24. Qxe1 h6 25. h3 1/2-1/2

[Event "Landesklasse West 2016/2017"]
[Site "?"]
[Date "2017.01.08"]
[Round "4"]
[White "Biel, Peter"]
[Black "Lehmann, Georg"]
[Result "1-0"]
[WhiteElo "1675"]
[BlackElo "1143"]
[PlyCount "97"]
[EventDate "2017.??.??"]
[WhiteTeam "SV Breitenworbis"]
[BlackTeam "ESV Lok Meiningen"]

1. e4 e5 2. Nf3 Nc6 3. d4 d6 4. dxe5 dxe5 5. Qxd8+ Nxd8 6. Nxe5 Bd6 7. Nc4 Be6
8. Nxd6+ cxd6 9. Bf4 d5 10. Nc3 Nf6 11. exd5 Nxd5 12. Bb5+ Nc6 13. Be5 O-O 14.
Bxc6 bxc6 15. Nxd5 Bxd5 16. O-O Rfe8 17. Bd4 Re2 18. Rfc1 a5 19. c4 Be6 20. b3
a4 21. Kf1 Re4 22. Bc5 Rb8 23. f3 Rh4 24. Kf2 Rxh2 25. Bd6 Rxg2+ 26. Kxg2 Rd8
27. Rd1 axb3 28. axb3 Bf5 29. Be7 Re8 30. Rd8 Rxd8 31. Bxd8 h6 32. Ra7 Bc2 33.
b4 Bb3 34. b5 cxb5 35. cxb5 Bd5 36. b6 Bc6 37. b7 Bxb7 38. Rxb7 Kh7 39. Rxf7
Kg6 40. Rf8 Kh7 41. Kg3 Kg6 42. Kg4 Kh7 43. f4 Kg6 44. f5+ Kh7 45. Kh5 g6+ 46.
fxg6+ Kg7 47. Rf7+ Kg8 48. Kxh6 Kh8 49. Rf8# 1-0

[Event "Landesklasse West 2016/2017"]
[Site "?"]
[Date "2017.01.08"]
[Round "4"]
[White "Minor, Viatcheslav"]
[Black "Klingler, Lutz"]
[Result "1/2-1/2"]
[WhiteElo "1877"]
[BlackElo "1973"]
[PlyCount "20"]
[EventDate "2017.??.??"]
[WhiteTeam "SV Wartburgstadt Eisenach"]
[BlackTeam "SV Schmalkalden 04"]

1. d4 g6 2. c4 Bg7 3. Nc3 d6 4. e4 Nc6 5. Nf3 Bg4 6. Be3 e5 7. dxe5 Bxf3 8.
Qxf3 Nxe5 9. Qh3 Qd7 10. Qxd7+ Nxd7 1/2-1/2

[Event "Landesklasse West 2016/2017"]
[Site "?"]
[Date "2017.01.08"]
[Round "4"]
[White "Krannich, Steffen"]
[Black "Neef, Michael"]
[Result "1/2-1/2"]
[WhiteElo "1858"]
[BlackElo "1863"]
[PlyCount "38"]
[EventDate "2017.??.??"]
[WhiteTeam "SV Schmalkalden 04"]
[BlackTeam "SV Wartburgstadt Eisenach"]

1. d4 d5 2. c4 c6 3. Nc3 dxc4 4. a4 Bd7 5. e3 e6 6. Bxc4 Nf6 7. Nf3 a6 8. O-O
Bb4 9. Qc2 Bxc3 10. bxc3 O-O 11. Ba3 Re8 12. Ne5 b5 13. Bd3 h6 14. c4 bxa4 15.
Qxa4 c5 16. Nxd7 Qxd7 17. Qxd7 Nbxd7 18. Bxc5 Nxc5 19. dxc5 Rec8 1/2-1/2

[Event "Landesklasse West 2016/2017"]
[Site "?"]
[Date "2017.01.08"]
[Round "4"]
[White "Königsdörfer, Gerhard"]
[Black "Bamberg, Alexander"]
[Result "1/2-1/2"]
[WhiteElo "1912"]
[BlackElo "1870"]
[PlyCount "31"]
[EventDate "2017.??.??"]
[WhiteTeam "SV Wartburgstadt Eisenach"]
[BlackTeam "SV Schmalkalden 04"]

1. e4 c5 2. Nf3 d6 3. d4 cxd4 4. Nxd4 Nf6 5. Nc3 g6 6. f4 Nc6 7. Bb5 Bd7 8.
Bxc6 Bxc6 9. Qe2 e6 10. Nxc6 bxc6 11. e5 Nd5 12. Nxd5 cxd5 13. Qb5+ Qd7 14.
Qxd7+ Kxd7 15. exd6 Bxd6 16. Be3 1/2-1/2

[Event "Landesklasse West 2016/2017"]
[Site "?"]
[Date "2017.01.08"]
[Round "4"]
[White "Lesser, Thomas"]
[Black "Graupner, Markus"]
[Result "1/2-1/2"]
[WhiteElo "1852"]
[BlackElo "1707"]
[PlyCount "38"]
[EventDate "2017.??.??"]
[WhiteTeam "SV Schmalkalden 04"]
[BlackTeam "SV Wartburgstadt Eisenach"]

1. e4 d6 2. d4 Nf6 3. Nc3 c6 4. f4 Bg4 5. Be2 Bxe2 6. Qxe2 d5 7. e5 Ng8 8. Nf3
e6 9. Be3 h5 10. O-O Nh6 11. Qd2 g6 12. Ne2 Bg7 13. Ng5 Nf5 14. Bf2 h4 15. g4
hxg3 16. Nxg3 Nd7 17. Nxf5 gxf5 18. Bg3 Qe7 19. Kf2 O-O-O 1/2-1/2

[Event "Landesklasse West 2016/2017"]
[Site "?"]
[Date "2017.01.08"]
[Round "4"]
[White "Anschütz, Bernd"]
[Black "Burkhardt, Christian"]
[Result "1/2-1/2"]
[WhiteElo "1758"]
[BlackElo "1721"]
[PlyCount "36"]
[EventDate "2017.??.??"]
[WhiteTeam "SV Wartburgstadt Eisenach"]
[BlackTeam "SV Schmalkalden 04"]

1. e4 e6 2. d4 d5 3. e5 c5 4. f4 Nc6 5. Nf3 cxd4 6. a3 Bc5 7. Bd3 Nge7 8. b4
Bb6 9. Nbd2 a6 10. Nb3 O-O 11. O-O f5 12. Bb2 Bd7 13. Kh1 Ng6 14. g3 Rc8 15.
Nbxd4 Nxd4 16. Bxd4 Bxd4 17. Nxd4 Qb6 18. Nb3 Ne7 1/2-1/2

[Event "Landesklasse West 2016/2017"]
[Site "?"]
[Date "2017.01.08"]
[Round "4"]
[White "Röder, Detlef"]
[Black "Hoppe, Hans-Jörg"]
[Result "1/2-1/2"]
[WhiteElo "1611"]
[BlackElo "1545"]
[PlyCount "46"]
[EventDate "2017.??.??"]
[WhiteTeam "SV Schmalkalden 04"]
[BlackTeam "SV Wartburgstadt Eisenach"]

1. e4 e5 2. Nf3 Nc6 3. Bc4 Nf6 4. d3 d6 5. Nc3 Be7 6. Bg5 Bg4 7. O-O O-O 8. h3
Bxf3 9. Qxf3 Na5 10. Bxf6 Bxf6 11. Bb3 Nxb3 12. axb3 c6 13. Qg4 Qc8 14. Qxc8
Rfxc8 15. f4 exf4 16. Rxf4 Be5 17. Rf3 Bxc3 18. bxc3 a6 19. Re1 Re8 20. d4 d5
21. Rfe3 dxe4 22. Rxe4 Rxe4 23. Rxe4 Kf8 1/2-1/2